000 00841nmm a2200301 a 4500
003 AR-BaBNM
005 20251128202841.0
008 297019s1986 ||||||||||||||000 | spa||
020 _a84-86056-05-5
040 _cAR-BaBNM
100 1 _aDromi, José Roberto
245 1 0 _aIntroducción al derecho administrativo
260 _aMadrid
_bGrouz
_c1986
300 1 _axiii, p. 7-261
_bgráfs.
500 0 _aIndice de abreviaturas p. 7-8
500 0 _aIndice p. 255-261
504 _aBibliografía consultada p. 237-251
650 4 _aDERECHO ADMINISTRATIVO
650 4 _aESTADO
650 4 _aDERECHO POLITICO
650 4 _aFUNCION PUBLICA
650 4 _aDERECHO PUBLICO
650 4 _aSISTEMAS JURIDICOS
650 4 _aREFORMA ADMINISTRATIVA
700 1 _aCosculluela Montaner, Luis
_eprologuista
942 _cBK
998 _cAndrea
999 _c879
_d879